000 00792cpcaa2200241 4500
001 mm 79002783
003 DLC
005 20260227111641.0
008 790111|||||||||||| eng
010 _amm 79002783
040 _aDLC
_cDLC
_edacs
_dDLC
072 7 _aW
_2lcmd
100 1 _aBell, Henry Haywood,
_d1808-1868.
245 0 0 _aHenry Haywood Bell report,
_f1862.
300 _a1
_fitem.
506 0 _aOpen to research.
545 0 _aNaval officer.
546 _aCollection material in English.
580 _aForms part of: Miscellaneous Manuscripts collection.
656 7 _aNaval officers.
_2itoamc
999 _c41141
_d41141